000 01605nam2a22003251 4500
001 v19\rc\1968536
005 20251118181047.5
035 _a(NLR Aleph) 005050910
090 _a6893607
_c6893607
100 _a20080428d1916 u y0rusy50 ca
101 0 _arus
102 _aRU
105 _aa z |||||
200 1 _aЭлементы высшей алгебры. Дифференциальное и интегральное исчисление (2-я часть)
_aПриложение анализа к геометрии
210 _d1916
215 _aVI, [2], 224 с.
_cчерт.
300 _aДоп. к опечаткам т. 1 на 3 с. обл.
461 0 _1001v19\rc\1968534
_12001#$aКурс высшей математики$fСост. А.К. Власов, проф. Моск. коммерч. ин-та. Т. 1-2$vТ. 2. (Вып. 1)
_1700#1$3RU\NLR\AUTH\770236550$aВласов$bА. К.$cматематик$f1868-1922$gАлексей Константинович$4220
_96893589
_aВласов, А. К. (математик ; 1868-1922)
_cМосква
_d1914-1916
_fСост. А.К. Власов, проф. Моск. коммерч. ин-та. Т. 1-2
_nскл. изд. у бр. Башмаковых
_p2 т.
_tКурс высшей математики
_vТ. 2. (Вып. 1)
801 0 _aRU
_bNLR
_gpsbo
801 0 _aRU
_bRuMoRGB
_2psbo
801 1 _aRU
_bProSoft-M
_2rusmarc
852 _aNLR
_j37.41.8.68
899 _aRuMoRGB
_jU 393/28
899 _aRuMoRGB
_jD 43/21
899 _aRuMoRGB
_jV 35/30
899 _aБАН
899 _aНБ МГУ
942 _cBOOK
980 _aNB